| 000 | 00471nam a2200169Ia 4500 | ||
|---|---|---|---|
| 008 | 240729s9999 xx 000 0 und d | ||
| 022 | _a2045-7634 | ||
| 245 | 0 | _aCancer Medicine | |
| 260 | _aUnited Kingdom | ||
| 260 | _bWiley | ||
| 650 | _a Internal medicine | ||
| 650 | _a Neoplasms. Tumors. Oncology. Including cancer and carcinogens | ||
| 650 | _aMedicine | ||
| 856 | _uhttps://doaj.org/toc/40997afb27214406815889f0e97fd4f8 | ||
| 942 | _2ddc | ||
| 942 | _cDOAJEJ | ||
| 999 |
_c72422 _d72422 |
||
| 945 |
_a1 _bMadushi Gamage _c1 _dMadushi Gamage |
||